|
|
|
|
| LEADER |
00000nam0a2200000 4500 |
| 001 |
352516 |
| 005 |
20231102010515.0 |
| 035 |
|
|
|a (RuTPU)RU\TPU\retro\9146
|
| 090 |
|
|
|a 352516
|
| 100 |
|
|
|a 20200117d1928 m y0rusy50 ca
|
| 101 |
0 |
|
|a rus
|
| 102 |
|
|
|a RU
|
| 105 |
|
|
|a a z 000zy
|
| 200 |
1 |
|
|a К теории окраски стекла : положение хромофоров стекла в периодической системе Менделеева
|f И. Ф. Пономарев
|
| 210 |
|
|
|d 1928
|
| 215 |
|
|
|a С. 1-2
|c табл., граф.
|
| 225 |
1 |
|
|a Керамика и стекло
|v № 1
|
| 300 |
|
|
|a Страницы из журнала
|
| 316 |
|
|
|5 63413507: ШкА/512
|a На с. 1 дарстенная надпись и владельческая подпись: "В библиотеку СТИ И. Пономарев"
|
| 606 |
|
|
|a Стекло
|x Физико-химические свойства
|2 stltpush
|3 (RuTPU)RU\TPU\subj\34591
|9 56505
|
| 610 |
1 |
|
|a коллекция ТПУ
|
| 610 |
1 |
|
|a труды учёных ТПУ
|
| 610 |
1 |
|
|a стекло
|
| 610 |
1 |
|
|a хромофоры
|
| 610 |
1 |
|
|a периодическая система элементов
|
| 610 |
1 |
|
|a окрасочные составы
|
| 610 |
1 |
|
|a красители
|
| 610 |
1 |
|
|a железо
|
| 610 |
1 |
|
|a марганец
|
| 610 |
1 |
|
|a медь
|
| 610 |
1 |
|
|a хромофорные свойства
|
| 675 |
|
|
|a 666.11.01
|v 3
|
| 700 |
|
1 |
|a Пономарев
|b И. Ф.
|c российский физикохимик, один из основателей науки о силикатах
|c профессор ТТИ
|f 1882-1982
|g Иван Федорович
|2 stltpush
|3 (RuTPU)RU\TPU\pers\21876
|
| 801 |
|
1 |
|a RU
|b 63413507
|c 20131023
|
| 801 |
|
2 |
|a RU
|b 63413507
|c 20200117
|g RCR
|
| 942 |
|
|
|c BK
|